Talleres de motivación para niños

Uloženo v:
Podrobná bibliografie
Hlavní autor: Thoumi, Samira (Autor)
Médium: Kniha
Jazyk:španělština
Vydáno: Bogotá Ediciones Gamma 2011
Vydání:3a. ed
Témata:
Tagy: Přidat tag
Žádné tagy, Buďte první, kdo vytvoří štítek k tomuto záznamu!

MARC

LEADER 00000cam a2200000 a 4500
001 UCE3252
003 CL-VaPUC
008 140821e20110000ck |||||||||||||||||spa|d
020 |a 9588177332 
082 0 4 |a 370.102  |b THO  |2 21 
100 0 |a Thoumi, Samira  |e author  |9 575806 
245 1 0 |a Talleres de motivación para niños 
250 |a 3a. ed 
300 |a 113 p 
942 |c BK 
945 |d 20140821 14:35:00  |a arojas 
260 |a Bogotá  |b Ediciones Gamma  |c 2011 
650 0 |a Motivación   |9 315362 
650 0 |a Métodos de enseñanza  |9 270413 
650 0 |a Niños  |9 255605 
650 7 |a TALLERES DE APRENDIZAJE  |2 CL-VaPUC  |9 369978 
650 0 |a Procesos de aprendizaje  |9 309161 
583 |a last modification  |c 20140821 14:35:00  |k Rodrigo Vera 
999 |c 356675  |d 356673